Diccionario de dudas y dificultades de la lengua española / (Record no. 140623)

MARC details
000 -LEADER
campo de control de longitud fija 00876nam a2200253 i 4500
001 - NÚMERO DE CONTROL
campo de control 140623
003 - IDENTIFICADOR DE NÚMERO DE CONTROL
campo de control ES-MaACL
005 - FECHA Y HORA DE LA ÚLTIMA TRANSACCIÓN
campo de control 20251012190621.0
007 - CAMPO FIJO DE DESCRIPCIÓN FÍSICA--INFORMACIÓN GENERAL
campo de control de longitud fija t|
008 - DATOS DE LONGITUD FIJA--INFORMACIÓN GENERAL
campo de control de longitud fija 070214s1986 sp r ||||1| spa d
020 ## - NÚMERO INTERNACIONAL ESTÁNDAR DEL LIBRO
Número Internacional Estándar del Libro 84-239-6948-7
080 ## - NÚMERO DE LA CLASIFICACIÓN DECIMAL UNIVERSAL
Número de la Clasificación Decimal Universal 811.134.2
100 1# - ENTRADA PRINCIPAL--NOMBRE DE PERSONA
Nombre de persona Seco, Manuel.
9 (RLIN) 105046
245 10 - MENCIÓN DEL TÍTULO
Título Diccionario de dudas y dificultades de la lengua española /
Mención de responsabilidad, etc. Manuel Seco ; prólogo de Salvador Fernández Ramírez.
250 ## - MENCION DE EDICION
Mención de edición 9ª. ed. rev. y puesta al día.
260 ## - PUBLICACIÓN, DISTRIBUCIÓN, ETC.
Lugar de publicación, distribución, etc. Madrid :
Nombre del editor, distribuidor, etc. Espasa Calpe,
Fecha de publicación, distribución, etc. 1986.
300 ## - DESCRIPCIÓN FÍSICA
Extensión XXII, 545 p. ;
Dimensiones 21 cm.
650 04 - PUNTO DE ACCESO ADICIONAL DE MATERIA--TÉRMINO DE MATERIA
Término de materia o nombre geográfico como elemento de entrada Lengua española-
Subdivisión general Uso-
Subdivisión de forma Diccionarios.
9 (RLIN) 14193
700 1# - ENTRADA AGREGADA--NOMBRE PERSONAL
Nombre de persona Fernández Ramírez, Salvador,
Fechas asociadas al nombre 1896-1983
9 (RLIN) 50022
852 ## - LOCALIZACIÓN
Ubicación ES-MaACL
Número de control de estantería L-11261
Sublocalización o colección R.113038
852 ## - LOCALIZACIÓN
Ubicación ES-MaACL
Número de control de estantería A-15215
itemnumber 145712
Ubicación en estantería Depósito 1
Signatura antigua Olim: DIC - L 134.2 SEC dic
942 ## - ELEMENTOS DE ENTRADA SECUNDARIOS (KOHA)
Fuente del sistema de clasificación o colocación Clasificación decimal universal
Holdings
Estatus retirado Estado de pérdida Fuente del sistema de clasificación o colocación Estado de daño No para préstamo Colección Biblioteca de origen Biblioteca actual Ubicación en estantería Fecha de adquisición Total de préstamos Signatura topográfica completa Código de barras Visto por última vez Precio de reemplazo Tipo de ítem Koha Fuente de adquisición
    Clasificación decimal universal     Colección de referencia Biblioteca del Ateneo de Madrid Biblioteca del Ateneo de Madrid Depósito 1 22/09/2022   A-15215 1203739 23/02/2023 23/02/2023 Libro impreso  
          Colección de referencia Biblioteca del Ateneo de Madrid Biblioteca del Ateneo de Madrid Depósito 2 17/01/2008   L-11261 1146334 23/02/2023 23/02/2023 Libro impreso